[Event "SVK-ch U10"]
[Site "Dudince"]
[Date "2023.04.17"]
[Round "2"]
[White "Novozhilov, Dmitrii"]
[Black "Kovacik, Oliver1111"]
[Result "0-1"]
[WhiteElo "1112"]
[BlackElo "1330"]
[PlyCount "72"]
[EventDate "2023.04.16"]
[EventType "swiss"]
[EventRounds "9"]
[EventCountry "SVK"]
[SourceTitle "CBM 213 Extra"]
[Source "ChessBase"]
[SourceDate "2023.05.31"]
[SourceVersion "1"]
[SourceVersionDate "2023.05.31"]
[SourceQuality "1"]

1. d4 Nf6 2. c4 g6 3. Nc3 Bg7 4. e4 d6 5. Nf3 Nbd7 6. Bd3 0-0 7. Bd2 b6 8. 0-0 c5 9. d5 Re8 10. Re1 Nf8 11. h3 e6 12. Bg5 h6 13. Bh4 g5 14. Bg3 e5 15. Bc2 Ng6 16. Ba4 Re7 17. Bc6 Bb7 18. Ba4 Nf4 19. Bxf4 exf4 20. e5 Nh7 21. e6 fxe6 22. dxe6 Nf8 23. Bc2 Nxe6 24. Rxe6 Rxe6 25. Qd3 Qe7 26. Qh7+ Kf8 27. Qf5+ Rf6 28. Qd3 Bxf3 29. Qxf3 Re8 30. Nd5 Qe2 31. Nxf6 Bxf6 32. Qxe2 Rxe2 33. Rc1 Bxb2 34. Kf1 Rd2 35. Ke1 Bxc1 36. Bb3 Rd4 0-1

[Event "SVK-ch U10"]
[Site "Dudince"]
[Date "2023.04.16"]
[Round "1"]
[White "Chmelik, Juraj"]
[Black "Novozhilov, Dmitrii"]
[Result "1/2-1/2"]
[WhiteElo "1303"]
[BlackElo "1112"]
[PlyCount "40"]
[EventDate "2023.04.16"]
[EventType "swiss"]
[EventRounds "9"]
[EventCountry "SVK"]
[SourceTitle "CBM 213 Extra"]
[Source "ChessBase"]
[SourceDate "2023.05.31"]
[SourceVersion "1"]
[SourceVersionDate "2023.05.31"]
[SourceQuality "1"]

1. e4 c5 2. Nf3 Nc6 3. Bc4 e5 4. Nc3 Be7 5. d3 Nf6 6. Bg5 h6 7. Bh4 0-0 8. 0-0 d6 9. Qd2 Bg4 10. Qe3 Nd4 11. Rac1 Nxf3+ 12. gxf3 Bh3 13. Rfe1 Nh5 14. Bxe7 Qxe7 15. Kh1 Qf6 16. Rg1 Qf4 17. Qe2 Qh4 18. Qe3 Qf4 19. Qe2 Qh4 20. Qe3 Qf4 1/2-1/2